Theories and practices of development / (Record no. 710)

000 -LEADER
fixed length control field 00637nam a2200217 4500
001 - CONTROL NUMBER
control field 710
003 - CONTROL NUMBER IDENTIFIER
control field BD-DhUET
008 - FIXED-LENGTH DATA ELEMENTS--GENERAL INFORMATION
fixed length control field 100819s2011 enkab b 001 0 eng
020 ## - INTERNATIONAL STANDARD BOOK NUMBER
International Standard Book Number 9780415590716
040 ## - CATALOGING SOURCE
Original cataloging agency DLC
Transcribing agency DLC
Modifying agency BD-DhUET
082 00 - DEWEY DECIMAL CLASSIFICATION NUMBER
Classification number 338.9
Item number WIE/2011
100 1# - MAIN ENTRY--PERSONAL NAME
Personal name Willis, Katie,
245 10 - TITLE STATEMENT
Title Theories and practices of development /
Statement of responsibility, etc. by Katie Willis.
250 ## - EDITION STATEMENT
Edition statement 2nd ed.
260 ## - PUBLICATION, DISTRIBUTION, ETC. (IMPRINT)
Place of publication, distribution, etc. Londond ;
Name of publisher, distributor, etc. Routledge,
Date of publication, distribution, etc. 2011.
300 ## - PHYSICAL DESCRIPTION
Extent xviii, 269 p. :
Other physical details ill., maps ;
Dimensions 24 cm.
500 ## - GENERAL NOTE
General note Rev. ed. of: Theories and practices of development. 2005.
504 ## - BIBLIOGRAPHY, ETC. NOTE
Bibliography, etc Includes bibliographies
650 #0 - SUBJECT ADDED ENTRY--TOPICAL TERM
Topical term or geographic name as entry element Economic development
942 ## - ADDED ENTRY ELEMENTS (KOHA)
Koha item type General Book
Holdings
Source of classification or shelving scheme Location (home branch) Copy number Koha date last seen Piece designation (barcode) Withdrawn status Damaged status Price effective from Lost status Not for loan Koha normalized classification for sorting Shelving location Date acquired Koha item type Koha full call number Sublocation or collection (holding branch)
 Central Library, BUET12014-08-11109313  2014-08-11  338_900000000000000_WIE2011Circulation section2014-08-11General Book338.9 WIE/2011Central Library, BUET
 Central Library, BUET22014-08-11109314  2014-08-11  338_900000000000000_WIE2011Circulation section2014-08-11General Book338.9 WIE/2011Central Library, BUET